000 01085cam a22001814a 4500
999 _c1721
_d1721
020 _a0072854863 (alk. paper)
022 _a9780072854862
050 0 0 _aHB172
_b.S57
100 1 _aSlavin, Stephen L.
245 1 0 _aMicroeconomics /
_cStephen L. Slavin.
250 _a7th ed.
260 _aBoston :
_bMcGraw-Hill/Irwin,
_cc2005.
300 _axxi, 483 p. :
_bill. ;
_c28 cm.
500 _aVarious multi-media instructional aids are available to supplement the text.
505 _aA Brief Economic History of the United States -- Resource Utilization -- Supply and Demand -- The Mixed Economy -- Demand, Supply, and Equilibrium 6 Elasticities of Supply and Demand -- Theory of Consumer Behavior -- Cost -- Profit, Loss, and Perfect Competition -- Monopoly -- Monopolistic Competition -- Oligopoly -- Corporate Mergers and Antitrust -- Demand in the Factor Market -- Labor Unions -- Labor Markets and Wage Rates -- Rent, Interest, and Profit -- Income Distribution and Poverty -- International Trade -- International Finance.
650 0 _aMicroeconomics.
942 _cBK